000 00587 a2200169 4500
005 20250605171110.0
020 _a0-13-017598-6
082 _aTEA LECT 658.3 HER
100 _aHERSEY, P.
245 _aManagement of Organizational Behavior: Leading Human Resources
250 _a8th Ed.
260 _aNew Jersey,
_bPrentice Hall,
_c2001.
300 _axxiv, 516p.: ill.; figure, table.
_bBibliographical references, index.
_c25cm.
700 _aBLANCHARD, K. H. & JOHSON, D. W.
856 _yAccess online book
_fManagement of Organizational Behavior
_dwww.prenhall.com
942 _2ddc
_cBKS
999 _c3256
_d3256